Lange Q & A. (Record no. 382)

000 -LEADER
fixed length control field 01080nam a22003737a 4500
001 - CONTROL NUMBER
control field 961879758
003 - CONTROL NUMBER IDENTIFIER
control field OCoLC
005 - DATE AND TIME OF LATEST TRANSACTION
control field 20210419121050.0
008 - FIXED-LENGTH DATA ELEMENTS--GENERAL INFORMATION
fixed length control field 161003s2017 nyu 000 0 eng d
020 ## - INTERNATIONAL STANDARD BOOK NUMBER
International Standard Book Number 9781259643941
020 ## - INTERNATIONAL STANDARD BOOK NUMBER
International Standard Book Number 1259643948
035 ## - SYSTEM CONTROL NUMBER
System control number (OCoLC)961879758
040 ## - CATALOGING SOURCE
Original cataloging agency TOH
Language of cataloging eng
Transcribing agency TOH
Modifying agency OCLCQ
-- YYE
041 ## - LANGUAGE CODE
Language code of text/sound track or separate title eng
049 ## - LOCAL HOLDINGS (OCLC)
Holding library YYEA
080 ## - UNIVERSAL DECIMAL CLASSIFICATION NUMBER
Universal Decimal Classification number 616.89
Item number B-66
096 ## - LOCALLY ASSIGNED NLM-TYPE CALL NUMBER (OCLC)
Classification number WM 18.2 B649L 2017
100 ## - MAIN ENTRY--PERSONAL NAME
9 (RLIN) 270
Personal name Blitzstein, M. Sean
245 00 - TITLE STATEMENT
Title Lange Q & A.
Remainder of title Psychiatry /
Statement of responsibility, etc. [edited by] Sean M. Blitzstein.
246 3# - VARYING FORM OF TITLE
Title proper/short title Q & A.
246 3# - VARYING FORM OF TITLE
Title proper/short title Psychiatry.
250 ## - EDITION STATEMENT
Edition statement 11th ed.
260 ## - PUBLICATION, DISTRIBUTION, ETC.
Place of publication, distribution, etc. New York :
Name of publisher, distributor, etc. McGraw-Hill Education,
Date of publication, distribution, etc. c2017.
300 ## - PHYSICAL DESCRIPTION
Extent viii, 295 p. :
Dimensions 28 cm.
365 ## - TRADE PRICE
Price amount 38.76 usd
590 ## - LOCAL NOTE (RLIN)
Local note c.1 10070886 Ritt 12/30/16 $50.00.
650 #2 - SUBJECT ADDED ENTRY--TOPICAL TERM
Topical term or geographic name entry element Mental Disorders
General subdivision therapy.
650 #2 - SUBJECT ADDED ENTRY--TOPICAL TERM
Topical term or geographic name entry element Mental Disorders
General subdivision diagnosis.
650 #2 - SUBJECT ADDED ENTRY--TOPICAL TERM
Topical term or geographic name entry element Psychiatry.
653 ## - INDEX TERM--UNCONTROLLED
Uncontrolled term ფსიქიატრია
653 ## - INDEX TERM--UNCONTROLLED
Uncontrolled term მენტალური დარღვევები
700 1# - ADDED ENTRY--PERSONAL NAME
Personal name Blitzstein, Sean.
942 ## - ADDED ENTRY ELEMENTS (KOHA)
Source of classification or shelving scheme
Koha item type Books
Edition 11
Holdings
Withdrawn status Lost status Source of classification or shelving scheme Damaged status Not for loan Permanent location Current location Date acquired Inventory number Total Checkouts Full call number Barcode Date last seen Price effective from Koha item type
          Ken Walker International University Ken Walker International University 11/24/2020 1193   616.89 B-66 1193 11/24/2020 11/24/2020 Books
          Ken Walker International University Ken Walker International University 11/24/2020 2049   616.89 B-66 2049 11/24/2020 11/24/2020 Books

Powered by Koha